000 00613nam a22001817a 4500
008 160702b xxu||||| |||| 00| 0 eng d
020 _a9789712719356
082 _22008
_aDC428.007
_bM25c
100 _910800
_aMcRae, John
245 _aCreative reading and literature with a small '1'/
_cJohn McRae.
260 _aLondon:
_bMacMillan Pub., Ltd.,
_cc2008.
300 _avii, 190 pages;
_c22 cm.
500 _aIncludes bibliographical references and index.
650 0 _910801
_aEnglish language
_vStudy and teaching
650 0 _910802
_aLiterature
_vStudy and teaching
365 _aPhp
_b325.00
942 _2ddc
_cDC
999 _c3230
_d3230